| 000 | 00860 a2200253 4500 | ||
|---|---|---|---|
| 003 | OSt | ||
| 005 | 20180116192341.0 | ||
| 008 | 120529t xxu||||| |||| 00| 0 eng d | ||
| 020 | _a9781864703146 (hbk.) : | ||
| 022 | _a1864703148 (hbk.) : | ||
| 040 | _c0 | ||
| 082 | 0 | 4 | _a720.973 |
| 100 | 1 |
_aHellmuth,Bill _92471 |
|
| 245 | 1 | 0 |
_aHOK : _bA global design portfolio / _cHellmuth, Obata + Kassabaum |
| 260 |
_aMulgrave, _bImages Pub. _c2009. |
||
| 300 |
_a415 p. : _bill. (chiefly col.) ; _c 25 cm |
||
| 610 |
_aHellmuth, Obata & Kassabaum. _92472 |
||
| 650 | 1 | 0 |
_aArchitecture, Modern . _y 20th century. _92473 |
| 650 | 1 | 0 |
_aArchitecture, Modern _y21st century _92474 |
| 700 | 1 |
_aBeaver, Robyn. _92475 |
|
| 710 | 1 |
_aHellmuth, Obata & Kassabaum. _92476 |
|
| 942 |
_aSADA _cBK _k720.973 HEL 2009 _2ddc |
||
| 999 |
_c352681 _d352681 |
||